| 000 | 01930cam a2200433 4500 | ||
|---|---|---|---|
| 001 | L136493 | ||
| 008 | 070205n2006 000 0 eng u | ||
| 020 |
_a1841135933 _a9781841135939 |
||
| 035 | _a(Sirsi) u136493 | ||
| 041 | 0 | _aeng | |
| 050 | 0 | 4 | _a346.410434 $2 18 |
| 100 | 1 | _aBright, Susan | |
| 245 | 0 | 0 |
_aLandlord and tenant law _bpast, present and future |
| 260 |
_aOxford _bHart _c2006 |
||
| 300 |
_axliii, 281p. _c24cm. |
||
| 350 | _a57.00 | ||
| 505 | 2 | _aLandlord and tenant law: mapping the rest past -- Street v Mountford revisited -- Judicial directions in landlord and tenant law: different policies for different sectors -- Commercial leases past and present: the contribution of the Law Commission -- Commercial leases: future directions -- Agricultural tenancies: past and present -- Agricultural tenancies: future directions -- Long residential leases: past and present -- Housing law: past and present -- Housing law: the future -- Recent developments in Australian residential tenancies laws -- Impoverished tenants in 20th Century America | |
| 520 | _aDiscusses patterns of landlord and tenant laws within the different property sectors, legislative, judicial and policy developments in property law, and the role market forces have played and are expected to continue to play in shaping the law. | ||
| 590 | _aKA | ||
| 650 | 2 | 4 | _aSTREET V MOUNTFORD |
| 651 | 4 |
_aUnited Kingdom _y |
|
| 651 | 4 | _aAUSTRALIA | |
| 651 | 4 | _aUNITED STATES | |
| 690 |
_aLandlord and tenant _96252 |
||
| 700 | 1 | _aWood, Derek | |
| 700 | 1 | _aBlandy, Sarah | |
| 700 | 1 | _aHunter, Caroline | |
| 700 | 1 | _aBridge, Stuart | |
| 700 | 1 | _aMurdoch, Sandi | |
| 700 | 1 | _aDensham, Andrew | |
| 700 | 1 | _aCardwell, Michael N. | |
| 700 | 1 | _aDavey, Martin | |
| 700 | 1 | _aClarke, David | |
| 700 | 1 | _aArden, Andrew | |
| 700 | 1 | _aPartington, Martin | |
| 700 | 1 | _aNeave, Marcia | |
| 700 | 1 | _aChused, Richard | |
| 942 | _n0 | ||
| 999 |
_c106410 _d106410 |
||